Statistics for Elements of the Periodic Table.

Click here to take the quiz!

General Stats

  • This quiz has been taken 25 times
  • The average score is 15 of 15

Answer Stats

HintAnswer% Correct
ArgonAr
100%
CarbonC
100%
CalciumCa
100%
HydrogenH
100%
HeliumHe
100%
PotassiumK
100%
MagnesiumMg
100%
NitrogenN
100%
NeonNe
100%
OxygenO
100%
TitaniumTi
100%
BerylliumBe
96%
KryptonKr
96%
LithiumLi
92%
SodiumNa
84%

Score Distribution

Percentile by Number Answered

Percent of People with Each Score

Your Score History

You have not taken this quiz